Základné črty hypotekárneho bankovníctva v SR
Existencia primerane fungujúceho kapitálového trhu ako predpoklad efektívneho rozvoja hypotekárneho úverového trhu a trhu s hypotekárnymi dlhopismi. Slovenský systém hypotekárneho bankovníctva. Hypotekárny úver a hypotekárny záložný list. Absencia zákona o verejnej dražbe.
Gespeichert in:
| 1. Verfasser: | |
|---|---|
| Format: | Buch |
| Sprache: | Slowakisch |
| Schlagworte: | |
| Tags: |
Keine Tags, Fügen Sie das erste Tag hinzu!
|
MARC
| LEADER | 00000nam a2200000 4500 | ||
|---|---|---|---|
| 001 | r031009 | ||
| 005 | 20230921082020.3 | ||
| 041 | 0 | |a slo | |
| 044 | |a SK | ||
| 245 | 1 | 0 | |a Základné črty hypotekárneho bankovníctva v SR |c Viktória Múčková |
| 520 | |a Existencia primerane fungujúceho kapitálového trhu ako predpoklad efektívneho rozvoja hypotekárneho úverového trhu a trhu s hypotekárnymi dlhopismi. Slovenský systém hypotekárneho bankovníctva. Hypotekárny úver a hypotekárny záložný list. Absencia zákona o verejnej dražbe. | ||
| 610 | 2 | 0 | |a trh kapitálový |
| 610 | 2 | 0 | |a úver hypotekárny |
| 610 | 2 | 0 | |a bankovníctvo |
| 610 | 2 | 0 | |a aukcie |
| 610 | 2 | 0 | |a legislatíva |
| 610 | 2 | 0 | |a banky |
| 610 | 2 | 0 | |a Slovensko |
| 100 | 1 | |a Múčková, Viktória | |